000 00469nam a2200181Ia 4500
001 20959
005 20260306172844.0
008 260306t2008||||xx |||||||||||||| ||spa||
041 _aESP
082 _a343.81
_bL22
100 _aLanda, César [coord.]
_eAUT
245 0 _aConstitución económica del Perú (Foro Económico Asia - Pacífico APEC)
260 _c2008
300 _a147 páginas :
_c
650 _aGEN
654 _aCCO
942 _cREV
_dJUS
_fJUS
_2ddc
_n
999 _c20959
_d20959